|
|
|
|
| LEADER |
02046nam a2200505Ia 4500 |
| 001 |
EBC459650 |
| 003 |
MiAaPQ |
| 005 |
20200520144314.0 |
| 006 |
m o d | |
| 007 |
cr cn||||||||| |
| 008 |
081211s2009 dcua sb 001 0 eng d |
| 010 |
|
|
|z 2008051568
|
| 020 |
|
|
|z 9780821377765
|
| 020 |
|
|
|z 0821377760
|
| 035 |
|
|
|a (MiAaPQ)EBC459650
|
| 035 |
|
|
|a (Au-PeEL)EBL459650
|
| 035 |
|
|
|a (CaPaEBR)ebr10294856
|
| 035 |
|
|
|a (CaONFJC)MIL210112
|
| 035 |
|
|
|a (OCoLC)526812703
|
| 040 |
|
|
|a MiAaPQ
|c MiAaPQ
|d MiAaPQ
|
| 050 |
|
4 |
|a HF1583.3.Z4
|b C459 2009
|
| 245 |
0 |
0 |
|a Strengthening China's and India's trade and investment ties to the Middle East and North Africa
|h [electronic resource].
|
| 260 |
|
|
|a Washington, D.C. :
|b World Bank,
|c c2009.
|
| 300 |
|
|
|a xxvii, 187 p. :
|b col. ill.
|
| 490 |
1 |
|
|a Orientations in development series
|
| 500 |
|
|
|a Report prepared by a team led by Miria Pigato.
|
| 504 |
|
|
|a Includes bibliographical references (p. 169-177) and index.
|
| 533 |
|
|
|a Electronic reproduction. Ann Arbor, MI : ProQuest, 2015. Available via World Wide Web. Access may be limited to ProQuest affiliated libraries.
|
| 650 |
|
0 |
|a International relations.
|
| 651 |
|
0 |
|a Middle East
|x Foreign economic relations
|z China.
|
| 651 |
|
0 |
|a China
|x Foreign economic relations
|z Middle East.
|
| 651 |
|
0 |
|a Africa, North
|x Foreign economic relations
|z China.
|
| 651 |
|
0 |
|a China
|x Foreign economic relations
|z Africa, North.
|
| 651 |
|
0 |
|a Middle East
|x Foreign economic relations
|z India.
|
| 651 |
|
0 |
|a India
|x Foreign economic relations
|z Middle East.
|
| 651 |
|
0 |
|a Africa, North
|x Foreign economic relations
|z India.
|
| 651 |
|
0 |
|a India
|x Foreign economic relations
|z Africa, North.
|
| 651 |
|
0 |
|a Middle East
|x Commerce.
|
| 651 |
|
0 |
|a Africa, North
|x Commerce.
|
| 655 |
|
4 |
|a Electronic books.
|
| 700 |
1 |
|
|a Pigato, Miria.
|
| 710 |
2 |
|
|a World Bank.
|
| 710 |
2 |
|
|a ProQuest (Firm)
|
| 830 |
|
0 |
|a Orientations in development.
|
| 856 |
4 |
0 |
|u https://ebookcentral.proquest.com/lib/matrademy/detail.action?docID=459650
|z Click to View
|